Sporcle Famous Quiz Stats

Quiz Updated Feb 5, 2018

Challenge
Share
Tweet
Embed
Score 0/60 Timer 08:00
4 Plays Today
Quiz Answer % Correct
U.S. PresidentsGeorge Washington
97.5%
U.S. StatesWashington
97.2%
U.S. StatesNew York
97%
Most Populous CitiesNew York City, USA
97%
Capitals of the WorldWashington, D.C., USA
96.1%
Most Spoken LanguagesEnglish
95.8%
U.S. StatesCalifornia
95.1%
Most Populous NationsChina
94.2%
Most Spoken LanguagesSpanish
92.6%
U.S. PresidentsGeorge W. Bush
92.2%
U.S. PresidentsBarack Obama
91.9%
Most Populous NationsUnited States
91.4%
U.S. StatesTexas
89%
Most Spoken LanguagesFrench
88%
Most Spoken LanguagesChinese
86.5%
Most Populous NationsIndia
84.8%
Video Game SystemsMicrosoft Xbox
84%
Periodic TableOxygen
83.1%
U.S. StatesFlorida
82.7%
Periodic TableHydrogen
81.6%
U.S. PresidentsBill Clinton
80.9%
U.S. PresidentsAbraham Lincoln
80.9%
Capitals of the WorldLondon, UK
80.3%
Harry Potter Top 200 MentionsHarry Potter
79.7%
Most Populous NationsRussia
78.8%
Most Populous CitiesLondon, UK
78%
Capitals of the WorldParis, France
77.6%
MLB TeamsNew York Yankees
75.3%
Harry Potter Top 200 MentionsRon Weasley
71.9%
Video Game SystemsPlayStation 4
70.6%
Quiz Answer % Correct
Most Spoken LanguagesGerman
70%
Periodic TableHelium
69.9%
Video Game SystemsPlayStation
68.5%
Harry Potter Top 200 MentionsHermione Granger
68.1%
MLB TeamsBoston Red Sox
67.3%
100 Popular Boy Names (2000s)John
66.7%
MLB TeamsCincinnati Reds
66.1%
Periodic TableCarbon
61.9%
Harry Potter Top 200 MentionsAlbus Dumbledore
61.7%
Most Populous CitiesLos Angeles, USA
61.1%
Most Populous CitiesBeijing, China
60.9%
Most Populous CitiesTokyo, Japan
60%
Periodic TableNitrogen
54.8%
Most Populous NationsBrazil
54.2%
Capitals of the WorldMexico City, Mexico
51.2%
MLB TeamsChicago White Sox
47.2%
100 Popular Boy Names (2000s)Michael
43.5%
MLB TeamsNew York Mets
43.3%
100 Popular Boy Names (2000s)James
42.2%
Capitals of the WorldMadrid, Spain
34.5%
Video Game SystemsPlayStation 3
32.7%
Video Game SystemsPlayStation 2
31.8%
Harry Potter Top 200 MentionsGinny Weasley
31.5%
100 Popular Girl Names (2000s)Emma
30%
100 Popular Boy Names (2000s)Matthew
28.8%
100 Popular Girl Names (2000s)Sarah
28.8%
100 Popular Girl Names (2000s)Emily
26.6%
100 Popular Boy Names (2000s)William
23.2%
100 Popular Girl Names (2000s)Anna
15.1%
100 Popular Girl Names (2000s)Ashley
13.3%

You're not logged in!

Compare scores with friends on all Sporcle quizzes.
Sign Up with Email
OR
Log In

You Might Also Like...

Show Comments

Extras

Top Quizzes Today


Score Distribution

Your Account Isn't Verified!

In order to create a playlist on Sporcle, you need to verify the email address you used during registration. Go to your Sporcle Settings to finish the process.